000 00519nmm a2200169Ia 4500
008 251105s9999||||xx |||||||||||||||||und||
020 _a9788493238087
041 _aspa
100 _aLinde Navas, Antonio
245 0 _aEl periodista moral: dilemas de la información y la comunicación
264 _a[Madrid, España] :
_bComunicar,
_c2007
300 _a184 páginas
490 _aAula Media
650 _aMedia Studies (Journ., TV, etc)
856 _uhttps://public.digitaliapublishing.com/a/27751
942 _cCF
999 _c89123
_d89123